000
00340nam a22001457a 4500
008
230512b ||||| |||| 00| 0 eng d
020
_a
9780130920140
041
_a
eng
080
_2
SECOND EDITION
_a
51
082
_a
51GRE
100
_a
20
101
_a
MATE
245
_a
A MAPLE APPROACH TO CALCULUS
_c
GRESSER . T. J
942
_2
udc
_c
BK
999
_c
59686
_d
59686